ბათუმის შოთა რუსთაველის სახელმწიფო უნივერსიტეტის ბიბლიოთეკა

Handbook of Hospitality MArketing Management (ბიბ.ჩანაწერი № 45272)

000 -LEADER
fixed length control field 00564nam a2200229Ia 4500
001 - CONTROL NUMBER
control field 12096
003 - CONTROL NUMBER IDENTIFIER
control field GE_BSU
008 - FIXED-LENGTH DATA ELEMENTS--GENERAL INFORMATION
fixed length control field 181216s||||||||xx |||||||||||||| ||und||
020 ## - INTERNATIONAL STANDARD BOOK NUMBER
International Standard Book Number 9780080450503
040 ## - CATALOGING SOURCE
Transcribing agency GE_BSU
080 ## - UNIVERSAL DECIMAL CLASSIFICATION NUMBER
Universal Decimal Classification number 658
245 ## - TITLE STATEMENT
Title Handbook of Hospitality MArketing Management
245 ## - TITLE STATEMENT
Statement of responsibility, etc. Editor:Haemoon Oh.
260 ## - PUBLICATION, DISTRIBUTION, ETC.
Place of publication, distribution, etc. Amsterdam
260 ## - PUBLICATION, DISTRIBUTION, ETC.
Name of publisher, distributor, etc. Elsevier
260 ## - PUBLICATION, DISTRIBUTION, ETC.
Date of publication, distribution, etc. 2008
300 ## - PHYSICAL DESCRIPTION
Extent 552p.24cm.
653 ## - INDEX TERM--UNCONTROLLED
Uncontrolled term Handbook of Hospitality MArketing Management
653 ## - INDEX TERM--UNCONTROLLED
Uncontrolled term მარკეტინგი
942 ## - ADDED ENTRY ELEMENTS (KOHA)
Koha item type წიგნი
ეგზემპლარები
Withdrawn status Lost status Damaged status Not for loan Date acquired Barcode Date last seen Price effective from Koha item type
        2018-12-17 35962 2018-12-17 2018-12-17 წიგნი